000 00414nam a2200157Ia 4500
008 210716s1993 xx 000 0 und d
020 _a8185623125X
041 _aeng
082 _a005.3002 WALJ
100 _aWalkenbach, John; Maguiness, David.
245 _aPC world excel 4 for windows.
250 _a1
260 _aNew Delhi
_bGalgotia Publications Pvt Ltd
_c1993
300 _axxxiv,719
650 _aNone
999 _c182644
_d182644